Artists featured on Outkast songs - Statistics

General Stats
  • This quiz has been taken 13 times
  • The average score is 8 of 32
Answer Stats
Songs Answer % Correct
Snappin' and Trappin'/Bust/Land of a Million Drums/The Whole World/Flip Flop Rock/In Your Dreams Killer Mike
73%
Call of da Wild/Git Up, Git Out Goodie Mob
55%
Flip Flop Rock Jay-Z
55%
Skew It on the Bar-B Raekwon
55%
Stankonia (Stanklove)/Land of a Million Drums/Bowtie/The Way You Move/Peaches/Morris Brown Sleepy Brown
55%
Liberation/Slum Beautiful/Reset Cee-Lo Green
45%
Hollywood Divorce Lil Wayne/Snoop Dogg
45%
Xplosion B-Real
36%
Liberation/Humble Mumble Erykah Badu
36%
I'll Call Before I Come Gangsta Boo/Eco
36%
Tomb of the Boom Konkrete/Ludacris
36%
Decatur Psalm/Y'all Scared/We Luv Deez Hoez/Tomb of the Boom Big Gipp
27%
Synthesizer George Clinton
27%
Dracula's Wedding Kelis
27%
Mainstream/Y'all Scared/Gasoline Dreams/Reset/N2U Khujo
27%
Mainstream/Y'all Scared/Gangsta Shit T-Mo
27%
We Luv Deez Hoez Backbone
18%
Stankonia (Stanklove) Big Rube
18%
Gangsta Shit C-Bone
18%
Snappin' and Trappin' J-Sweet
18%
Last Call Lil Jon and the East Side Boyz/Mello
18%
Take Off Your Cool Norah Jones
18%
She Lives in My Lap Rosario Dawson
18%
Gangsta Shit/Last Call Slimm Calhoun
18%
Bowtie Jazze Pha
9%
Decatur Psalm Cool Breeze
0%
Call the Law/In Your Dreams Janelle Monae
0%
Movin' Cool Joi
0%
Greatest Show on Earth Macy Gray
0%
The Letter Qasha Aman
0%
Peaches/Morris Brown Scar
0%
Mutron Angel Whild Peach
0%
No matching quizzes found
Score Distribution
Percent of People with Each Score
Percentile by Number Answered
Your Score History
You have not taken this quiz